00000000nam 2200000zi 4500
0019.949933
003CaOODSP
00520250409111031
006m     o  d f      
007cr mn|||||||||
008250409t20242024oncad   ob   f000 0 fre d
040 |aCaOODSP|bfre|erda|cCaOODSP
043 |an-cn---
0861 |aNH18-33/83-2024F-PDF
24500|aEstimation de l’évolution annuelle et à long terme du nombre de personnes qui commencent à avoir des besoins impérieux en matière de logement et du nombre de celles qui cessent d’en avoir.
264 1|aOttawa, (Ontario) : |bSCHL = CMHC, |c[2024].
264 4|c©2024
300 |a1 ressource en ligne (5, A1 pages) : |billustrations, graphiques.
336 |atexte|btxt|2rdacontent/fre
337 |ainformatique|bc|2rdamedia/fre
338 |aressource en ligne|bcr|2rdacarrier/fre
4901 |aRecherche en action
500 |aTitre de départ.
500 |a« Recherche sur le logement. »
500 |a« 70425 20240223-017A. »
500 |aPublié aussi en anglais sous le titre : Estimating annual and long-term flows in and out of core housing need.
504 |aComprend des références bibliographiques.
520 |a« Par le passé, au Canada, les interventions en matière de logement mettaient l’accent sur les populations les plus susceptibles d’éprouver des problèmes de logement. Cette situation a souvent été mesurée au moyen de l’indicateur des besoins impérieux en matière de logement (BIL). Par exemple, dans le cadre de la Stratégie nationale sur le logement, les interventions se concentrent sur les populations les plus susceptibles d’avoir des BIL (notamment les personnes nouvellement immigrées, les personnes âgées, les personnes handicapées et les Autochtones) » -- Page [1].
650 6|aLogement|xPolitique gouvernementale|zCanada.
650 6|aLogement|zCanada|vStatistiques.
7102 |aSociété canadienne d'hypothèques et de logement, |eorganisme de publication.
77508|tEstimating annual and long-term flows in and out of core housing need.|w(CaOODSP)9.949931
830#0|aRecherche en action (Société canadienne d'hypothèques et de logement)|w(CaOODSP)9.861225
85640|qPDF|s218 Ko|uhttps://publications.gc.ca/collections/collection_2025/schl-cmhc/NH18-33-83-2024-fra.pdf